| 000 | 00442nam a2200157Ia 4500 | ||
|---|---|---|---|
| 008 | 190423s9999 xx 000 0 und d | ||
| 100 | _aCulhane, John | ||
| 245 | _aUnforgettable snow white/ | ||
| 245 | _cJohn Culhane | ||
| 260 | _bReader's Digest Asia | ||
| 260 | _c2019 | ||
| 300 | _aPages 30-35, January 2019 | ||
| 440 |
_aAsia Reader's Digest: Classic Reads _v115:671 |
||
| 650 | _aDisney, Walt -- 1901-1966 | ||
| 650 | _aFairy tales | ||
| 999 |
_c361486 _d361486 |
||